| Tag |
First Indicator |
Second Indicator |
Subfields |
| LEADER |
00000cam a2200000Ii 4500 |
| 001 |
in00004055352 |
| 005 |
20190423094638.0 |
| 008 |
910822s1927 fr af 000 1 fre d |
| 040 |
|
|
|a KFS
|b eng
|e bdrb
|c KFS
|d ILU
|d OCLCQ
|d OCLCO
|d ZCU
|d TXA
|d UtOrBLW
|
| 049 |
|
|
|a TXAM
|
| 050 |
1 |
4 |
|a PQ2635.E34
|b E7
|
| 090 |
|
|
|a PQ2635.E34
|b E7 1927
|
| 100 |
1 |
|
|a Régnier, Henri de,
|d 1864-1936.
|0 http://id.loc.gov/authorities/names/n81147487
|
| 245 |
1 |
2 |
|a L'escapade :
|b roman /
|c Henri de Régnier ; illustrations de Daniel-Girard.
|
| 264 |
|
1 |
|a [Paris] :
|b Henri Cyral, éditeur, 118, boulevard Raspail, Paris (VIe),
|c 1927.
|
| 300 |
|
|
|a 6 unnumbered pages, [1-3], 4-264 pages, 4 unnumbered pages, 7 unnumbered leaves of plates :
|b color illustrations ;
|c 21 cm.
|
| 336 |
|
|
|a text
|b txt
|2 rdacontent
|
| 337 |
|
|
|a unmediated
|b n
|2 rdamedia
|
| 338 |
|
|
|a volume
|b nc
|2 rdacarrier
|
| 490 |
1 |
|
|a Collection française ;
|v [12e]
|
| 500 |
|
|
|a Author's name at head of title.
|
| 500 |
|
|
|a Series numbering from colophon.
|
| 500 |
|
|
|a "Ce livre, le douzième de la Collection Française, tiré à 1021 exemplaires, a été achevé d'imprimer ... Nos. 49 a 1021 : 973 exemplaires sur vélin de Rives"--Colophon.
|
| 500 |
|
|
|a The Cushing Library/Dawson French copy is number 192.
|5 TXA
|
| 562 |
|
|
|a The Cushing Library/Dawson French copy contains an additional [10] pages, including illustrations, excerpted from other books in the Collection française as advertising.
|5 TXA
|
| 700 |
1 |
|
|a Daniel-Girard,
|e illustrator.
|0 http://id.loc.gov/authorities/names/no2001094652
|
| 830 |
|
0 |
|a Collection française (Henri Cyral, Éditeur) ;
|v 12e.
|0 http://id.loc.gov/authorities/names/no2006126162
|
| 994 |
|
|
|a C0
|b TXA
|
| 999 |
f |
f |
|s 8d71f378-2af3-3712-86f1-e88e3649936d
|i a4e614f5-b79d-30cb-9ee7-ce0b2981b6d9
|t 0
|